| 000 | 01005pam a2200289 a 4500 | ||
|---|---|---|---|
| 001 | 3400403 | ||
| 003 | URS | ||
| 005 | 20260326151014.0 | ||
| 008 | 890815s1990 ilua b 001 0 eng | ||
| 010 | _a 89039456 | ||
| 020 |
_a0673520528 : _c$35.00 |
||
| 020 | _a9780673520524 | ||
| 040 |
_aDLC _cDLC _dURS _beng _erda |
||
| 050 | 1 | 4 |
_aHB172.5 _b.G6531 1990 |
| 100 | 1 |
_aGordon, Robert J. _q(Robert James), _d1940- |
|
| 245 | 1 | 0 |
_aMacroeconomics / _cRobert J. Gordon. |
| 250 | _aFifth edition- | ||
| 264 | 1 |
_aGlenview, Ill. : _bScott, Foresman/Little, Brown Higher Education, _cc1990. |
|
| 300 |
_axxiv, [643] pages including unnumbered pages: _bcolor ill.ustrations; _c26 cm |
||
| 336 |
_atext _btxt _2rdacontent |
||
| 337 |
_aunmediated _bn _2rdamedia |
||
| 338 |
_avolume _bnc _2rdacarrier |
||
| 500 | _aIncludes appendices and glossary. | ||
| 504 | _aIncludes bibliographical references. | ||
| 650 | 0 | _aMacroeconomics. | |
| 942 |
_2lcc _cFR _efifth edition _hHB172.5 _i.G6531 1990 |
||
| 999 |
_c99284 _d99281 |
||